Universal Monster Movies - Statistics

General Stats
  • This quiz has been taken 137 times
  • The average score is 18 of 33
Answer Stats
Hint Answer % Correct
1931 Dracula
97%
1931 Dracula [Spanish Language]
97%
1931 Frankenstein
97%
1932 The Mummy
90%
1941 The Wolf Man
90%
1935 Bride of Frankenstein
81%
1933 The Invisible Man
78%
1954 The Creature from the Black Lagoon
76%
1939 Son of Frankenstein
65%
1943 Phantom of the Opera
63%
1925* The Phantom of the Opera
63%
1944 House of Frankenstein
55%
1945 House of Dracula
53%
1943 Son of Dracula
53%
1943 Frankenstein Meets the Wolf Man
49%
1936 Dracula's Daughter
48%
1942 The Ghost of Frankenstein
45%
1948 Abbott and Costello Meet Frankenstein
44%
1944 The Mummy's Curse
43%
1940 The Invisible Man Returns
42%
1923* The Hunchback of Notre Dame
41%
1940 The Mummy's Hand
41%
1955 Revenge of the Creature
39%
1956 The Creature Walks Among Us
39%
1940 The Invisible Woman
39%
1935 Werewolf of London
39%
1944 The Mummy's Ghost
35%
1942 The Mummy's Tomb
34%
1951 Abbott and Costello Meet the Invisible Man
31%
1942 Invisible Agent
30%
1955 Abbott and Costello Meet the Mummy
28%
1944 The Invisible Man's Revenge
27%
1946 She-Wolf of London
26%
No matching quizzes found
Score Distribution
Percent of People with Each Score
Percentile by Number Answered
Your Score History
You have not taken this quiz